[Event "c14"]
[Site "?"]
[Date "2020.08.27"]
[Round "1.1"]
[White "Maslanka, Wojciech"]
[Black "Karolczuk, Iwo"]
[Result "0-1"]
[BlackElo "2044"]
[WhiteElo "1358"]
[LiveChessVersion "1.4.8"]

1. e4 {[%clk 0:03:02]} c5 {[%clk 0:03:03]} 2. d4 {[%clk 0:03:02]} cxd4
{[%clk 0:03:03]} 3. c3 {[%clk 0:03:03]} Nf6 {[%clk 0:03:03]} 4. e5
{[%clk 0:03:04]} Nd5 {[%clk 0:03:04]} 5. cxd4 {[%clk 0:03:05]} d6
{[%clk 0:03:05]} 6. Nf3 {[%clk 0:03:01]} Nc6 {[%clk 0:03:03]} 7. Bc4
{[%clk 0:02:59]} e6 {[%clk 0:03:03]} 8. O-O {[%clk 0:02:26]} Be7 {[%clk 0:03:04]}
9. Qb3 {[%clk 0:02:17]} Nb6 {[%clk 0:02:52]} 10. Bb5 {[%clk 0:02:16]} O-O
{[%clk 0:02:48]} 11. Nc3 {[%clk 0:02:13]} Bd7 {[%clk 0:02:18]} 12. Bf4
{[%clk 0:02:05]} d5 {[%clk 0:02:04]} 13. Rac1 {[%clk 0:01:52]} Na5
{[%clk 0:02:04]} 14. Qc2 {[%clk 0:01:49]} Bxb5 {[%clk 0:01:38]} 15. Nxb5
{[%clk 0:01:49]} a6 {[%clk 0:01:38]} 16. Nd6 {[%clk 0:01:30]} Bxd6
{[%clk 0:01:35]} 17. exd6 {[%clk 0:01:31]} Nbc4 {[%clk 0:01:33]} 18. Qc3
{[%clk 0:01:31]} Nc6 {[%clk 0:01:31]} 19. Ne5 {[%clk 0:01:26]} Rc8
{[%clk 0:01:26]} 20. Nxc4 {[%clk 0:01:23]} Na7 {[%clk 0:01:11]} 21. Qd3
{[%clk 0:01:07]} dxc4 {[%clk 0:01:08]} 22. Rxc4 {[%clk 0:01:07]} Nb5
{[%clk 0:00:36]} 23. Rfc1 {[%clk 0:00:58]} Rxc4 {[%clk 0:00:36]} 24. Qxc4
{[%clk 0:00:56]} Nxd6 {[%clk 0:00:35]} 25. Qc7 {[%clk 0:00:55]} Nb5
{[%clk 0:00:33]} 26. Qxb7 {[%clk 0:00:44]} Qxd4 {[%clk 0:00:33]} 27. Be3
{[%clk 0:00:39]} Qxb2 {[%clk 0:00:23]} 28. Qxa6 {[%clk 0:00:38]} Rd8
{[%clk 0:00:20]} 29. h3 {[%clk 0:00:25]} Nc3 {[%clk 0:00:20]} 30. Kh1
{[%clk 0:00:10]} Nd5 {[%clk 0:00:17]} 31. Rc8 {[%clk 0:00:09]} Qa1+
{[%clk 0:00:08]} 32. Bc1 {[%clk 0:00:05]} Qf6 {[%clk 0:00:08]} 33. Rxd8+
{[%clk 0:00:06]} Qxd8 {[%clk 0:00:09]} 34. Be3 {[%clk 0:00:07]} h6
{[%clk 0:00:08]} 35. Qd3 {[%clk 0:00:08]} Qa8 {[%clk 0:00:09]} 36. a3
{[%clk 0:00:09]} Qa4 {[%clk 0:00:10]} 37. Bc5 {[%clk 0:00:07]} Qc6
{[%clk 0:00:11]} 38. Qc4 {[%clk 0:00:08]} Qa8 {[%clk 0:00:11]} 39. a4
{[%clk 0:00:09]} Qa5 {[%clk 0:00:10]} 40. Qb5 {[%clk 0:00:09]} Qe1+
{[%clk 0:00:11]} 41. Kh2 {[%clk 0:00:10]} Qe5+ {[%clk 0:00:12]} 42. Kg1
{[%clk 0:00:07]} Nc3 {[%clk 0:00:12]} 43. Qe8+ {[%clk 0:00:06]} Kh7
{[%clk 0:00:13]} 44. Be3 {[%clk 0:00:05]} Qf5 {[%clk 0:00:06]} 45. Qc6
{[%clk 0:00:04]} Nd5 {[%clk 0:00:06]} 46. a5 {[%clk 0:00:05]} Qb1+
{[%clk 0:00:07]} 47. Kh2 {[%clk 0:00:06]} Qb8+ {[%clk 0:00:08]} 48. g3
{[%clk 0:00:06]} Qb2 {[%clk 0:00:08]} 49. Qc5 {[%clk 0:00:04]} Qa2
{[%clk 0:00:06]} 50. Qd4 {[%clk 0:00:03]} Qxa5 {[%clk 0:00:07]} 51. Qd3+
{[%clk 0:00:04]} Kg8 {[%clk 0:00:06]} 52. Qc2 {[%clk 0:00:06]} Qd8
{[%clk 0:00:07]} 53. Qd3 {[%clk 0:00:07]} Qf6 {[%clk 0:00:08]} 54. Qc2
{[%clk 0:00:08]} h5 {[%clk 0:00:09]} 55. Qc8+ {[%clk 0:00:09]} Kh7
{[%clk 0:00:10]} 56. Qc2+ {[%clk 0:00:10]} g6 {[%clk 0:00:11]} 57. Qd2
{[%clk 0:00:08]} Qf3 {[%clk 0:00:12]} 58. Kg1 {[%clk 0:00:04]} h4
{[%clk 0:00:12]} 59. g4 {[%clk 0:00:05]} Qxh3 {[%clk 0:00:12]} 60. g5
{[%clk 0:00:05]} Qg4+ {[%clk 0:00:13]} 61. Kh1 {[%clk 0:00:06]} h3
{[%clk 0:00:14]} 62. Qe1 {[%clk 0:00:06]} Qg2# {[%clk 0:00:14]} 0-1

[Event "c14"]
[Site "?"]
[Date "2020.08.27"]
[Round "1.2"]
[White "Chyzy, Jakub"]
[Black "Jendrowiak, Maciej"]
[Result "1-0"]
[BlackElo "1358"]
[WhiteElo "2005"]
[LiveChessVersion "1.4.8"]

1. e4 {[%clk 0:03:03]} c6 {[%clk 0:03:04]} 2. d4 {[%clk 0:03:04]} d5
{[%clk 0:03:05]} 3. e5 {[%clk 0:03:05]} e6 {[%clk 0:02:52]} 4. Nf3
{[%clk 0:03:02]} Nd7 {[%clk 0:02:43]} 5. Bd3 {[%clk 0:02:57]} b6 {[%clk 0:02:23]}
6. O-O {[%clk 0:02:55]} Bb7 {[%clk 0:02:24]} 7. c3 {[%clk 0:02:53]} Qc7
{[%clk 0:01:59]} 8. Ng5 {[%clk 0:02:42]} Be7 {[%clk 0:01:16]} 9. Nxh7
{[%clk 0:02:15]} O-O-O {[%clk 0:01:12]} 10. Ng5 {[%clk 0:02:09]} Bxg5
{[%clk 0:01:09]} 11. Bxg5 {[%clk 0:02:09]} f6 {[%clk 0:01:10]} 12. Bf4
{[%clk 0:02:06]} g5 {[%clk 0:00:56]} 13. Bg3 {[%clk 0:02:02]} f5 {[%clk 0:00:56]}
14. f4 {[%clk 0:02:01]} g4 {[%clk 0:00:52]} 15. c4 {[%clk 0:01:43]} c5
{[%clk 0:00:47]} 16. cxd5 {[%clk 0:01:32]} Bxd5 {[%clk 0:00:35]} 17. Nc3
{[%clk 0:01:32]} Bb7 {[%clk 0:00:28]} 18. Nb5 {[%clk 0:01:27]} Qb8
{[%clk 0:00:27]} 19. Rc1 {[%clk 0:01:17]} Nh6 {[%clk 0:00:21]} 20. Nd6+
{[%clk 0:01:17]} Kc7 {[%clk 0:00:21]} 21. b4 {[%clk 0:01:13]} Bc6
{[%clk 0:00:21]} 22. dxc5 {[%clk 0:00:54]} bxc5 {[%clk 0:00:22]} 23. b5
{[%clk 0:00:51]} Bd5 {[%clk 0:00:19]} 24. Bf2 {[%clk 0:00:47]} Qa8
{[%clk 0:00:12]} 25. Bxc5 {[%clk 0:00:40]} Nxc5 {[%clk 0:00:13]} 26. Rxc5+
{[%clk 0:00:41]} Kd7 {[%clk 0:00:14]} 27. Qc2 {[%clk 0:00:36]} Qb8
{[%clk 0:00:12]} 28. Nxf5 {[%clk 0:00:33]} Qb6 {[%clk 0:00:09]} 29. Nd4
{[%clk 0:00:12]} Rc8 {[%clk 0:00:07]} 30. Rc1 {[%clk 0:00:13]} Rxc5
{[%clk 0:00:08]} 31. Qxc5 {[%clk 0:00:14]} Qxc5 {[%clk 0:00:09]} 32. Rxc5
{[%clk 0:00:16]} Nf7 {[%clk 0:00:10]} 33. Rxd5+ {[%clk 0:00:12]} exd5 34. e6+ Ke7
{[%clk 0:00:12]} 35. exf7 {[%clk 0:00:14]} Kxf7 {[%clk 0:00:14]} 36. Bf5
{[%clk 0:00:15]} Re8 {[%clk 0:00:13]} 37. Bxg4 {[%clk 0:00:15]} Re4
{[%clk 0:00:14]} 38. Nf3 {[%clk 0:00:15]} Rxf4 {[%clk 0:00:15]} 39. h3
{[%clk 0:00:15]} Rb4 {[%clk 0:00:15]} 40. Bd7 {[%clk 0:00:15]} Ke7
{[%clk 0:00:15]} 41. Bc6 {[%clk 0:00:16]} d4 {[%clk 0:00:15]} 42. Kf2
{[%clk 0:00:17]} Rb2+ {[%clk 0:00:16]} 43. Kf1 {[%clk 0:00:15]} Rxa2 44. Nxd4
{[%clk 0:00:16]} Rd2 {[%clk 0:00:17]} 45. Nf3 {[%clk 0:00:17]} Rb2
{[%clk 0:00:17]} 46. Kg1 {[%clk 0:00:16]} Kf6 {[%clk 0:00:17]} 47. Kh2
{[%clk 0:00:17]} Rf2 {[%clk 0:00:13]} 48. Kg3 {[%clk 0:00:18]} Rb2
{[%clk 0:00:14]} 49. h4 {[%clk 0:00:17]} Kg7 {[%clk 0:00:15]} 50. Kh3
{[%clk 0:00:18]} Rb4 {[%clk 0:00:16]} 51. g4 {[%clk 0:00:18]} Rb3
{[%clk 0:00:17]} 52. h5 {[%clk 0:00:19]} Rc3 {[%clk 0:00:17]} 53. Kh4
{[%clk 0:00:20]} a6 {[%clk 0:00:17]} 54. Nd4 {[%clk 0:00:15]} axb5
{[%clk 0:00:17]} 55. Bxb5 {[%clk 0:00:13]} Rc5 {[%clk 0:00:17]} 56. Nf5+
{[%clk 0:00:11]} Kh8 {[%clk 0:00:17]} 57. Bd3 {[%clk 0:00:11]} Rd5
{[%clk 0:00:17]} 58. Be4 {[%clk 0:00:12]} Re5 {[%clk 0:00:19]} 59. Bf3
{[%clk 0:00:13]} Ra5 {[%clk 0:00:19]} 60. Kg5 {[%clk 0:00:13]} Rc5
{[%clk 0:00:18]} 61. h6 {[%clk 0:00:14]} Rc7 {[%clk 0:00:19]} 62. Kh5
{[%clk 0:00:15]} Rc3 {[%clk 0:00:17]} 63. Be4 {[%clk 0:00:15]} Rc4
{[%clk 0:00:18]} 64. Bd5 {[%clk 0:00:15]} Rc5 {[%clk 0:00:18]} 65. Bf7
{[%clk 0:00:15]} Rc7 {[%clk 0:00:19]} 66. Be6 {[%clk 0:00:11]} Rc6
{[%clk 0:00:19]} 67. Bd5 Rc5 68. Ne7 {[%clk 0:00:10]} Rc7 {[%clk 0:00:17]} 69.
Ng6+ {[%clk 0:00:08]} Kh7 {[%clk 0:00:19]} 70. Nf8+ {[%clk 0:00:09]} Kh8
{[%clk 0:00:20]} 71. g5 {[%clk 0:00:10]} Rc8 {[%clk 0:00:19]} 72. Ne6
{[%clk 0:00:09]} Rb8 {[%clk 0:00:16]} 73. g6 {[%clk 0:00:09]} Rb5
{[%clk 0:00:17]} 74. g7+ {[%clk 0:00:10]} Kh7 {[%clk 0:00:19]} 75. Ng5#
{[%clk 0:00:12]} 1-0

[Event "c14"]
[Site "?"]
[Date "2020.08.27"]
[Round "1.3"]
[White "Walczak, Marcin"]
[Black "Fiszer, Bartosz"]
[Result "0-1"]
[BlackElo "1905"]
[WhiteElo "1352"]
[LiveChessVersion "1.4.8"]

1. d4 {[%clk 0:03:03]} a6 {[%clk 0:03:02]} 2. c4 {[%clk 0:03:03]} b5
{[%clk 0:03:03]} 3. c5 {[%clk 0:03:03]} Bb7 {[%clk 0:03:02]} 4. Nc3
{[%clk 0:03:03]} Nf6 {[%clk 0:03:01]} 5. Bf4 {[%clk 0:02:46]} d6 {[%clk 0:02:44]}
6. cxd6 {[%clk 0:02:33]} cxd6 {[%clk 0:02:44]} 7. Nf3 {[%clk 0:02:24]} g6
{[%clk 0:02:43]} 8. g3 {[%clk 0:02:17]} Bg7 {[%clk 0:02:31]} 9. Bg2
{[%clk 0:02:16]} O-O {[%clk 0:02:29]} 10. O-O {[%clk 0:02:16]} Nbd7
{[%clk 0:02:29]} 11. Re1 {[%clk 0:02:11]} Rc8 {[%clk 0:01:58]} 12. a3
{[%clk 0:01:50]} Re8 {[%clk 0:01:17]} 13. d5 {[%clk 0:01:30]} Rxc3
{[%clk 0:01:04]} 14. bxc3 {[%clk 0:01:29]} Nxd5 {[%clk 0:01:05]} 15. Bd2
{[%clk 0:01:15]} Nxc3 {[%clk 0:01:03]} 16. Bxc3 {[%clk 0:00:47]} Bxc3
{[%clk 0:01:04]} 17. Qc2 {[%clk 0:00:40]} Bxe1 {[%clk 0:01:02]} 18. Rxe1
{[%clk 0:00:40]} Qc8 {[%clk 0:01:00]} 19. Qb2 {[%clk 0:00:36]} Nb6
{[%clk 0:00:52]} 20. Nd2 {[%clk 0:00:28]} Bxg2 {[%clk 0:00:52]} 21. Kxg2
{[%clk 0:00:29]} Qc6+ {[%clk 0:00:51]} 22. Kg1 {[%clk 0:00:30]} Rc8
{[%clk 0:00:52]} 23. Nb3 {[%clk 0:00:27]} Qc3 {[%clk 0:00:50]} 24. Qxc3
{[%clk 0:00:15]} Rxc3 {[%clk 0:00:51]} 25. Nd4 {[%clk 0:00:16]} Rxa3
{[%clk 0:00:52]} 26. Nc6 {[%clk 0:00:17]} Kf8 {[%clk 0:00:52]} 27. Rc1
{[%clk 0:00:14]} Nc4 {[%clk 0:00:52]} 28. Nd4 {[%clk 0:00:13]} Ra2
{[%clk 0:00:51]} 29. e3 {[%clk 0:00:14]} e5 {[%clk 0:00:49]} 30. Nf3
{[%clk 0:00:11]} a5 {[%clk 0:00:48]} 31. Rc3 {[%clk 0:00:07]} a4 {[%clk 0:00:49]}
32. Kg2 {[%clk 0:00:04]} a3 33. Ng5 {[%clk 0:00:03]} Rb2 {[%clk 0:00:48]} 0-1

[Event "c14"]
[Site "?"]
[Date "2020.08.27"]
[Round "1.4"]
[White "Klimkowski, Jan"]
[Black "Gonera, Hubert"]
[Result "1-0"]
[BlackElo "1340"]
[WhiteElo "1902"]
[LiveChessVersion "1.4.8"]

1. c3 e5 2. d4 f6 3. dxe5 fxe5 4. e4 d5 5. Qxd5 {[%clk 0:03:06]} Nf6
{[%clk 0:03:06]} 6. Qxd8+ {[%clk 0:03:06]} Kxd8 {[%clk 0:03:07]} 7. Bd3 Nc6 8.
Nf3 {[%clk 0:03:07]} Bg4 {[%clk 0:03:09]} 9. Nbd2 {[%clk 0:03:07]} Bc5
{[%clk 0:03:08]} 10. h3 {[%clk 0:03:07]} Bxf3 11. Nxf3 {[%clk 0:03:08]} Ke7
{[%clk 0:02:54]} 12. Ke2 {[%clk 0:03:07]} Rad8 {[%clk 0:02:54]} 13. b4
{[%clk 0:03:07]} Bb6 {[%clk 0:02:46]} 14. Ba3 {[%clk 0:03:06]} Kf7
{[%clk 0:02:31]} 15. Bc4+ {[%clk 0:03:06]} Kg6 {[%clk 0:02:31]} 16. Rad1
{[%clk 0:02:44]} Nxe4 {[%clk 0:02:18]} 17. Bd3 {[%clk 0:02:34]} Rxd3
{[%clk 0:02:09]} 18. Rxd3 {[%clk 0:02:20]} Nxf2 {[%clk 0:02:10]} 19. Rf1
{[%clk 0:02:03]} Nxd3 20. Kxd3 Re8 {[%clk 0:02:04]} 21. Ke4 {[%clk 0:02:04]} a5
{[%clk 0:01:35]} 22. b5 {[%clk 0:02:03]} Na7 {[%clk 0:01:36]} 23. c4
{[%clk 0:01:55]} c6 24. Nxe5+ {[%clk 0:01:36]} Kg5 {[%clk 0:01:23]} 25. g3
{[%clk 0:00:45]} Bc7 {[%clk 0:00:55]} 26. Bc1+ {[%clk 0:00:40]} Kh5
{[%clk 0:00:52]} 27. Rf5+ {[%clk 0:00:38]} g5 28. Rxg5+ Kh6 {[%clk 0:00:47]} 29.
Rg4+ {[%clk 0:00:33]} Kh5 {[%clk 0:00:44]} 30. Rh4# 1-0

[Event "c14"]
[Site "?"]
[Date "2020.08.27"]
[Round "1.5"]
[White "Pisarek, Jan"]
[Black "Paprocki, Antoni"]
[Result "1/2-1/2"]
[BlackElo "1878"]
[WhiteElo "1338"]
[LiveChessVersion "1.4.8"]

1. e4 c5 2. Nf3 d6 3. d4 cxd4 4. Nxd4 Nf6 5. Nc3 a6 6. Be2 e5 7. Nb3 Be7 8. O-O
Be6 9. Be3 O-O 10. Bf3 Nbd7 11. a4 Qc7 12. Qd2 Rfd8 13. Rfd1 Nc5 14. Nxc5 dxc5
15. Qe2 Rab8 16. g3 Qc6 17. a5 Ne8 18. Nd5 Bxd5 19. exd5 Qc7 20. c4 Nd6 21. Bg2
Bf6 22. Qc2 Re8 23. Re1 g6 24. Bd2 Bg7 25. b3 f5 26. Bc3 b5 27. axb6 Qxb6 28.
Rab1 f4 29. gxf4 exf4 30. Bxg7 Kxg7 31. Rxe8 Rxe8 32. Rd1 Qd8 33. Qc3+ Kf7 34.
Bh3 Qg5+ 35. Kh1 Ne4 36. Be6+ Rxe6 37. dxe6+ Kxe6 38. Qf3 Qe5 39. Re1 Ng3+ 40.
hxg3 Qxe1+ 41. Kg2 fxg3 42. Qxg3 Qe4+ 43. Kg1 Qb1+ 44. Kg2 Qe4+ 45. Kg1 h5 46.
Kf1 Qb1+ 47. Ke2 Qc2+ 48. Kf1 Qb1+ 49. Kg2 Qe4+ 50. Kf1 h4 51. Qh3+ Kf6 52. Qc8
Qb1+ 53. Ke2 Qc2+ 54. Ke1 Qc3+ 55. Ke2 Qe5+ 56. Kf1 Kg5 57. Qxa6 h3 58. Qc8 Qf5
59. Qd8+ Kg4 60. Qh8 Qb1+ 61. Ke2 Qc2+ 62. Ke1 Qc1+ 63. Ke2 Qc2+ 64. Ke1 Qe4+ 65.
Kd2 Qf4+ 66. Ke1 h2 67. Kf1 Kf3 68. Qh3+ Ke4 69. Kg2 1/2-1/2

[Event "c14"]
[Site "?"]
[Date "2020.08.27"]
[Round "1.6"]
[White "Paszkowski, Krystian"]
[Black "Doskocz, Karol"]
[Result "0-1"]
[BlackElo "1332"]
[WhiteElo "1812"]
[LiveChessVersion "1.4.8"]

1. c4 {[%clk 0:03:03]} c5 {[%clk 0:03:03]} 2. g3 {[%clk 0:03:03]} g6
{[%clk 0:03:02]} 3. Bg2 {[%clk 0:03:04]} Bg7 {[%clk 0:03:02]} 4. Nc3
{[%clk 0:03:04]} Nc6 {[%clk 0:02:59]} 5. d3 {[%clk 0:03:01]} e6 {[%clk 0:02:34]}
6. e4 {[%clk 0:02:52]} Nge7 {[%clk 0:02:28]} 7. Nge2 {[%clk 0:02:53]} e5
{[%clk 0:02:22]} 8. O-O {[%clk 0:02:39]} O-O {[%clk 0:02:21]} 9. f4
{[%clk 0:02:19]} f5 {[%clk 0:01:53]} 10. Be3 {[%clk 0:01:37]} d6 {[%clk 0:01:49]}
11. Qd2 {[%clk 0:01:27]} Nd4 {[%clk 0:01:30]} 12. Nd5 {[%clk 0:01:23]} Nxd5
{[%clk 0:01:08]} 13. cxd5 {[%clk 0:01:22]} a6 {[%clk 0:01:05]} 14. Rab1
{[%clk 0:00:51]} a5 {[%clk 0:00:54]} 15. fxe5 {[%clk 0:00:44]} Bxe5
{[%clk 0:00:54]} 16. Nxd4 {[%clk 0:00:43]} cxd4 {[%clk 0:00:46]} 17. Bf4
{[%clk 0:00:36]} Bd7 {[%clk 0:00:42]} 18. Rf2 {[%clk 0:00:32]} Qb6
{[%clk 0:00:37]} 19. Rbf1 {[%clk 0:00:29]} Rac8 {[%clk 0:00:31]} 20. Bxe5
{[%clk 0:00:16]} dxe5 {[%clk 0:00:31]} 21. exf5 {[%clk 0:00:16]} Bxf5
{[%clk 0:00:31]} 22. Qh6 {[%clk 0:00:09]} Qd6 {[%clk 0:00:21]} 23. Be4
{[%clk 0:00:05]} Bxe4 {[%clk 0:00:13]} 24. dxe4 {[%clk 0:00:00]} Rxf2 0-1

[Event "c14"]
[Site "?"]
[Date "2020.08.27"]
[Round "1.7"]
[White "Bury, Milosz"]
[Black "Demski, Michal"]
[Result "1/2-1/2"]
[BlackElo "1773"]
[WhiteElo "1330"]
[LiveChessVersion "1.4.8"]

1. e4 e5 2. Nf3 Nc6 3. d4 exd4 4. Nxd4 Bc5 5. Nxc6 bxc6 6. Bd3 Nf6 7. O-O O-O 8.
Nc3 d6 9. Bg5 h6 10. Bh4 g5 11. Bg3 Bg4 12. Qd2 Bh5 13. Kh1 Bg6 14. f4 Nh5 15. f5
Nxg3+ 16. hxg3 Bh7 17. g4 f6 18. Ne2 d5 19. Qc3 Bb6 20. Qxc6 dxe4 21. Bxe4 Qe7
22. Bf3 Rad8 23. Ng3 Kh8 24. Rad1 Rxd1 25. Rxd1 Rd8 26. Rxd8+ Qxd8 27. Nh5 Qe7
28. Qxf6+ Qxf6 29. Nxf6 Bd4 30. Nxh7 Kxh7 31. c3 Be5 32. Bd5 Kg7 33. Kg1 Kf6 34.
Kf2 Bf4 35. Kf3 Ke5 36. Bb3 Bc1 37. c4 Bxb2 38. Ke3 c5 39. g3 a5 40. Ba4 Bc3 41.
Bc6 Bd4+ 42. Kf3 Bc3 43. a4 Bb4 44. Ke3 1/2-1/2

[Event "c14"]
[Site "?"]
[Date "2020.08.27"]
[Round "1.8"]
[White "Wojdak, Jan"]
[Black "Przybylski, Bartosz"]
[Result "1-0"]
[BlackElo "1328"]
[WhiteElo "1772"]
[LiveChessVersion "1.4.8"]

1. e4 {[%clk 0:03:03]} e6 {[%clk 0:03:03]} 2. d4 {[%clk 0:03:04]} d5
{[%clk 0:03:04]} 3. Nd2 {[%clk 0:03:05]} dxe4 {[%clk 0:03:05]} 4. Nxe4
{[%clk 0:03:06]} Nf6 {[%clk 0:03:06]} 5. Nxf6+ {[%clk 0:03:06]} Qxf6
{[%clk 0:03:07]} 6. Nf3 {[%clk 0:03:07]} Nc6 {[%clk 0:03:08]} 7. c3
{[%clk 0:02:58]} Bd7 {[%clk 0:03:05]} 8. Bd3 {[%clk 0:02:58]} O-O-O
{[%clk 0:03:05]} 9. Bg5 {[%clk 0:02:59]} Be7 {[%clk 0:02:59]} 10. Bxf6
{[%clk 0:03:00]} Bxf6 {[%clk 0:03:00]} 11. O-O {[%clk 0:03:01]} a6
{[%clk 0:02:59]} 12. b4 {[%clk 0:03:00]} Rhe8 {[%clk 0:02:54]} 13. b5
{[%clk 0:02:48]} axb5 {[%clk 0:02:45]} 14. Bxb5 {[%clk 0:02:50]} Ne7
{[%clk 0:02:43]} 15. Bxd7+ {[%clk 0:02:50]} Rxd7 {[%clk 0:02:43]} 16. Qa4
{[%clk 0:02:50]} Rdd8 {[%clk 0:02:41]} 17. Rab1 {[%clk 0:02:47]} b6
{[%clk 0:02:38]} 18. Rfd1 {[%clk 0:02:41]} Nd5 {[%clk 0:02:23]} 19. Qc4
{[%clk 0:02:37]} h6 {[%clk 0:02:00]} 20. a4 {[%clk 0:02:31]} Nf4 {[%clk 0:01:45]}
21. g3 {[%clk 0:02:25]} Nh3+ {[%clk 0:01:43]} 22. Kg2 {[%clk 0:02:26]} Ng5
{[%clk 0:01:44]} 23. Nxg5 {[%clk 0:02:26]} Bxg5 {[%clk 0:01:44]} 24. a5
{[%clk 0:02:25]} bxa5 {[%clk 0:01:41]} 25. Qc6 {[%clk 0:02:26]} Rd6
{[%clk 0:01:36]} 26. Qxe8+ {[%clk 0:02:26]} 1-0

[Event "c14"]
[Site "?"]
[Date "2020.08.27"]
[Round "1.9"]
[White "Tarawski, Adrian"]
[Black "Meers, Hubert"]
[Result "0-1"]
[BlackElo "1759"]
[WhiteElo "1313"]
[LiveChessVersion "1.4.8"]

1. d4 {[%clk 0:03:02]} Nf6 {[%clk 0:03:03]} 2. Bf4 {[%clk 0:03:02]} g6
{[%clk 0:03:01]} 3. Nf3 {[%clk 0:02:55]} d6 {[%clk 0:02:58]} 4. e3
{[%clk 0:02:55]} Bg7 {[%clk 0:02:58]} 5. c4 {[%clk 0:02:53]} Nh5 {[%clk 0:02:57]}
6. Bg5 {[%clk 0:02:53]} h6 {[%clk 0:02:32]} 7. Bh4 {[%clk 0:02:53]} g5
{[%clk 0:02:32]} 8. Nfd2 {[%clk 0:02:50]} Nf6 {[%clk 0:02:21]} 9. Bg3
{[%clk 0:02:50]} Bf5 {[%clk 0:02:21]} 10. Nc3 {[%clk 0:02:47]} O-O
{[%clk 0:01:45]} 11. Be2 {[%clk 0:02:48]} c5 {[%clk 0:01:39]} 12. Qb3
{[%clk 0:02:12]} cxd4 {[%clk 0:01:10]} 13. exd4 {[%clk 0:02:13]} Nc6
{[%clk 0:01:12]} 14. d5 {[%clk 0:01:42]} Nd4 {[%clk 0:01:09]} 15. Qxb7
{[%clk 0:01:19]} Nc2+ {[%clk 0:01:04]} 16. Kf1 {[%clk 0:00:53]} Nxa1
{[%clk 0:01:04]} 17. Bd1 {[%clk 0:00:30]} Rb8 {[%clk 0:00:58]} 18. Qxa7
{[%clk 0:00:30]} Rxb2 {[%clk 0:00:59]} 19. Nb3 {[%clk 0:00:11]} Nxb3
{[%clk 0:00:52]} 20. axb3 {[%clk 0:00:08]} Ne4 {[%clk 0:00:40]} 21. Nxe4
{[%clk 0:00:10]} Bxe4 {[%clk 0:00:41]} 22. Qe3 {[%clk 0:00:10]} Rb1
{[%clk 0:00:36]} 23. Ke1 {[%clk 0:00:08]} Bc2 {[%clk 0:00:35]} 24. Ke2
{[%clk 0:00:06]} Bxd1+ {[%clk 0:00:33]} 25. Rxd1 {[%clk 0:00:07]} Rxd1
{[%clk 0:00:33]} 26. Kxd1 {[%clk 0:00:09]} Qa8 {[%clk 0:00:33]} 27. Qc1
{[%clk 0:00:04]} Qa2 {[%clk 0:00:34]} 28. Qc2 {[%clk 0:00:05]} Qa1+
{[%clk 0:00:32]} 29. Kd2 {[%clk 0:00:06]} Ra8 {[%clk 0:00:33]} 30. b4
{[%clk 0:00:04]} Ra2 {[%clk 0:00:34]} 0-1

[Event "c14"]
[Site "?"]
[Date "2020.08.27"]
[Round "1.10"]
[White "Kejna, Piotr"]
[Black "Marek, Grzegorz"]
[Result "1-0"]
[BlackElo "1225"]
[WhiteElo "1747"]
[LiveChessVersion "1.4.8"]

1. e4 {[%clk 0:03:03]} e5 {[%clk 0:03:02]} 2. Nf3 {[%clk 0:03:04]} Nc6
{[%clk 0:03:03]} 3. Bc4 {[%clk 0:03:05]} Nf6 {[%clk 0:03:03]} 4. d3
{[%clk 0:03:04]} Bc5 {[%clk 0:03:03]} 5. c3 {[%clk 0:03:02]} d6 {[%clk 0:03:01]}
6. Bb3 {[%clk 0:02:53]} Bg4 {[%clk 0:02:58]} 7. Nbd2 {[%clk 0:02:49]} O-O
{[%clk 0:02:56]} 8. Nf1 {[%clk 0:02:48]} Bb6 {[%clk 0:02:39]} 9. Be3
{[%clk 0:02:48]} Qd7 {[%clk 0:02:26]} 10. Bxb6 {[%clk 0:02:46]} axb6
{[%clk 0:02:27]} 11. Ne3 {[%clk 0:02:46]} Bh5 {[%clk 0:02:22]} 12. O-O
{[%clk 0:02:46]} h6 {[%clk 0:01:45]} 13. Qe2 {[%clk 0:02:02]} Kh8
{[%clk 0:01:09]} 14. Nf5 {[%clk 0:01:54]} Bg6 {[%clk 0:01:05]} 15. N3h4
{[%clk 0:01:48]} Bxf5 {[%clk 0:01:02]} 16. Nxf5 {[%clk 0:01:49]} Ne7
{[%clk 0:01:01]} 17. Nxe7 {[%clk 0:01:39]} Qxe7 {[%clk 0:01:02]} 18. f4
{[%clk 0:01:39]} Nd7 {[%clk 0:00:58]} 19. f5 {[%clk 0:01:38]} f6 {[%clk 0:00:56]}
20. Rf3 {[%clk 0:01:31]} Nc5 21. Bc2 {[%clk 0:01:22]} Qf7 {[%clk 0:00:51]} 22. a3
{[%clk 0:01:18]} Na4 {[%clk 0:00:43]} 23. Bd1 {[%clk 0:00:57]} d5
{[%clk 0:00:35]} 24. Rh3 {[%clk 0:00:50]} c5 {[%clk 0:00:26]} 25. Qd2
{[%clk 0:00:41]} dxe4 {[%clk 0:00:21]} 26. dxe4 {[%clk 0:00:41]} Rfd8
{[%clk 0:00:21]} 27. Qc1 {[%clk 0:00:32]} b5 {[%clk 0:00:22]} 28. Bh5
{[%clk 0:00:32]} Qd7 {[%clk 0:00:23]} 29. Bg6 {[%clk 0:00:22]} Qd2
{[%clk 0:00:24]} 30. Qxd2 {[%clk 0:00:13]} Rxd2 {[%clk 0:00:24]} 31. b3
{[%clk 0:00:13]} Nxc3 {[%clk 0:00:25]} 32. Rxc3 {[%clk 0:00:14]} Rad8
{[%clk 0:00:24]} 33. Rxc5 {[%clk 0:00:13]} Rd1+ {[%clk 0:00:21]} 34. Rxd1
{[%clk 0:00:14]} Rxd1+ {[%clk 0:00:22]} 35. Kf2 {[%clk 0:00:15]} Rd2+
{[%clk 0:00:23]} 36. Ke3 {[%clk 0:00:17]} Rxg2 {[%clk 0:00:23]} 37. Rc8#
{[%clk 0:00:18]} 1-0

[Event "c14"]
[Site "?"]
[Date "2020.08.27"]
[Round "1.11"]
[White "Labedzki, Kamil"]
[Black "Herwy, Jakub"]
[Result "0-1"]
[BlackElo "1741"]
[WhiteElo "1304"]
[LiveChessVersion "1.4.8"]

1. e4 c5 2. Nc3 Nc6 3. g3 g6 4. Bg2 Bg7 5. f4 e6 6. Nf3 Nge7 7. d3 O-O 8. O-O Rb8
9. Ne2 b5 10. c3 d5 11. Be3 c4 12. e5 Qc7 13. d4 b4 14. Rb1 Bd7 15. g4 bxc3 16.
bxc3 Rxb1 17. Qxb1 Rb8 18. Qc2 Qb6 19. Nd2 Qb2 20. Rc1 Na5 21. h3 Qxc2 22. Rxc2
Ba4 23. Rc1 Rb2 24. Rb1 Rxb1+ 25. Nxb1 Nec6 26. f5 Bf8 27. fxe6 fxe6 28. Nf4 Kf7
29. Bf3 Bc2 30. Nd2 Ba3 31. Ne2 Bb2 32. Bg5 Bd1 33. Nf4 Bxf3 34. Nxf3 Bxc3 35.
Kf2 Bxd4+ 36. Nxd4 Nxd4 37. Bf6 Ndc6 38. g5 Nb7 39. Ke3 Nc5 40. Ne2 Ne4 41. Nd4
Nxd4 42. Kxd4 Nf2 43. h4 Nd3 44. Ke3 Nb4 45. a3 Nc2+ 46. Kd2 Nxa3 47. Kc3 Nb5+
48. Kb4 Nd4 49. Kc3 Nf5 50. Bd8 Nxh4 51. Bc7 Nf3 52. Bb8 a6 53. Kb4 Nxg5 54. Ka5
c3 55. Bd6 d4 56. Kxa6 c2 57. Ba3 d3 58. Bc1 Ne4 59. Kb5 d2 60. Bxd2 Nxd2 61. Kb4
c1=Q 0-1

[Event "c14"]
[Site "?"]
[Date "2020.08.27"]
[Round "2.1"]
[White "Karolczuk, Iwo"]
[Black "Starosciak, Szymon"]
[Result "1-0"]
[BlackElo "1525"]
[WhiteElo "2044"]
[LiveChessVersion "1.4.8"]

1. d4 {[%clk 0:03:03]} d5 {[%clk 0:03:03]} 2. Nf3 {[%clk 0:03:03]} Nf6
{[%clk 0:03:04]} 3. c4 {[%clk 0:03:04]} c6 {[%clk 0:03:05]} 4. e3
{[%clk 0:03:04]} Bf5 {[%clk 0:03:04]} 5. Bd3 {[%clk 0:03:04]} Bxd3
{[%clk 0:03:02]} 6. Qxd3 {[%clk 0:03:05]} e6 {[%clk 0:03:03]} 7. O-O
{[%clk 0:03:02]} Nbd7 {[%clk 0:03:01]} 8. Nc3 {[%clk 0:03:02]} Bd6
{[%clk 0:02:59]} 9. e4 {[%clk 0:03:02]} dxe4 {[%clk 0:02:59]} 10. Nxe4
{[%clk 0:03:03]} Nxe4 {[%clk 0:02:59]} 11. Qxe4 {[%clk 0:03:03]} Nf6
{[%clk 0:03:00]} 12. Qe2 {[%clk 0:03:04]} O-O {[%clk 0:02:50]} 13. Bg5
{[%clk 0:03:04]} h6 {[%clk 0:02:47]} 14. Bh4 {[%clk 0:03:04]} Be7
{[%clk 0:02:46]} 15. Rad1 {[%clk 0:03:02]} Qa5 {[%clk 0:02:45]} 16. a3
{[%clk 0:03:00]} Rfd8 {[%clk 0:02:41]} 17. Rfe1 {[%clk 0:02:59]} b5
{[%clk 0:02:08]} 18. Ne5 {[%clk 0:02:58]} Rac8 {[%clk 0:02:04]} 19. Nxf7
{[%clk 0:02:56]} Kxf7 {[%clk 0:01:44]} 20. Qxe6+ {[%clk 0:02:55]} Ke8 1-0